000 00911cam a2200289 i 4500
001 55736
003 Mx-PuUPA
005 20260407121944.0
008 140415s2006 mx grl 000 0 spa d
020 _a9682476135
040 _aMx-PuUPA
_bspa
_cMx-PuUPA
_dMx-PuUPA
_erda
041 0 _aspa
100 1 _aGonzález Rodríguez, Francisco,
_d1963,
_eautor
_98143
245 1 0 _aLegislación en enfermería /
_cFrancisco González Rodríguez
250 _aTercera edición
264 1 _aMéxico, D. F. :
_bEditorial Trillas,
_c2006
300 _a163 páginas ;
_c23 cm
336 _atexto
_2rdacontent
_btxt
337 _asin medio
_2rdamedia
_bn
338 _avolumen
_2rdacarrier
_bnc
650 7 _2armarc
_aEnfermería
_vLegislación
650 7 _2armarc
_aLeyes de salud pública
942 _2ddc
_cLI
_h344.0414
_iG63
999 _c55736
_d55736